Gaming Quiz

Random Gaming or Board Games Quiz

Badly Sculpted Games Quiz Stats

 Plays Quiz Updated Mar 24, 2019

Score 0/12 Timer 03:00
0 Plays Today
% Correct
Chess
95.3%
Dominoes
94.9%
Battleship
94.8%
Scrabble
92.9%
Monopoly
90.9%
Jenga
90.3%
Connect 4
87.8%
Trivial Pursuit
80.1%
Mouse Trap
78.2%
Clue
77.9%
Backgammon
77.3%
Mahjong
76.7%

You're not logged in!

Compare scores with friends on all Sporcle quizzes.
OR
Log In

Sporcle TV

Today on Sporcle TV


Watch our educational content, quiz creation guides, and fun videos on Sporcle TV.

Show Comments

Extras

Top Quizzes Today


Score Distribution

Your Account Isn't Verified!

In order to create a playlist on Sporcle, you need to verify the email address you used during registration. Go to your Sporcle Settings to finish the process.

Report this User

Report this user for behavior that violates our Community Guidelines.

Details: